Telecommunications and productivity : Based on the international conference sponsored by the Center for Science and Technology Policy, Graduate School of Public Administration, New York University, January 29-30, 1980

Kaydedildi:
Detaylı Bibliyografya
Materyal Türü: Kitap
Dil:Undetermined
Baskı/Yayın Bilgisi: London Addison-Wesley Pub. Co. 1981
Konular:
Etiketler: Etiketle
Etiket eklenmemiş, İlk siz ekleyin!
Thư viện lưu trữ: Trung tâm Học liệu Trường Đại học Cần Thơ
LEADER 00711nam a2200181Ia 4500
001 CTU_95478
008 210402s9999 xx 000 0 und d
082 |a 384.19 
082 |b T267 
245 0 |a Telecommunications and productivity : 
245 0 |b Based on the international conference sponsored by the Center for Science and Technology Policy, Graduate School of Public Administration, New York University, January 29-30, 1980 
245 0 |c Edited by Mitchell L. Moss 
260 |a London 
260 |b Addison-Wesley Pub. Co. 
260 |c 1981 
650 |a Telecommunication,Telecommunication policy,Industrial productivity 
904 |i M.Loan 
980 |a Trung tâm Học liệu Trường Đại học Cần Thơ